000 00554cas a22002055a 4500
001 L138668
008 070702d19911995xxkmr p 0 a0eng u
022 1 _a0961-804X
035 _a(Sirsi) u138668
041 0 _aeng
110 2 _aInstitute of Revenues, Rating and Valuation
_92992
245 0 0 _aJournal
260 _aLondon
_bIRRV
_c1991-1995
362 0 _aJanuary 1991-September 1995
554 _a12 per year
651 4 _aUnited Kingdom
_y
690 _aPROPERTY-PROPERTY VALUATION AND APPRAISAL
785 0 0 _tInsight
_x0961-804X
942 _n0
999 _c119013
_d119013